[Event "Steinfurt Bezirksliga 1415"]
[Site "Germany"]
[Date "2014.09.27"]
[Round "2.7"]
[White "Koelking, Helmut"]
[Black "Sowa, Rudolf"]
[Result "0-1"]
[WhiteElo "1301"]
[BlackElo "1654"]
[PlyCount "52"]
[EventDate "2014.09.06"]
[EventType "team-tourn"]
[EventRounds "9"]
[EventCountry "GER"]
[SourceTitle "EXT 2016"]
[Source "ChessBase"]
[SourceDate "2015.10.08"]
[SourceVersion "1"]
[SourceVersionDate "2015.10.08"]
[SourceQuality "1"]
[WhiteTeam "Steinfurt III"]
[BlackTeam "Emsdetten Rochade III"]
[WhiteTeamCountry "GER"]
[BlackTeamCountry "GER"]

1. d4 d5 2. c4 c6 3. Nc3 Nf6 4. Bf4 g6 5. e3 Bg7 6. Nf3 0-0 7. cxd5 cxd5 8. Bd3 Nc6 9. 0-0 Bg4 10. h3 Bxf3 11. Qxf3 a6 12. Rab1 Rc8 13. Na4 Nb4 14. Nc5 Nxd3 15. Nxd3 Ne4 16. Qe2 Qa5 17. b4 Qb5 18. f3 Nc3 19. Qd2 Nxb1 20. Rxb1 Rc4 21. Nc5 b6 22. a4 Qc6 23. Nxa6 Qxa4 24. b5 Rfc8 25. Qb2 Rc2 26. Qb4 Qa2 0-1

[Event "Steinfurt Bezirksliga 1314"]
[Site "Germany"]
[Date "2014.02.15"]
[Round "6.8"]
[White "Wissing, Philipp"]
[Black "Sowa, Rudolf"]
[Result "1/2-1/2"]
[WhiteElo "1444"]
[BlackElo "1661"]
[PlyCount "53"]
[EventDate "2013.09.14"]
[EventType "team-tourn"]
[EventRounds "9"]
[EventCountry "GER"]
[SourceTitle "EXT 2015"]
[Source "ChessBase"]
[SourceDate "2014.11.20"]
[SourceVersion "1"]
[SourceVersionDate "2014.11.20"]
[SourceQuality "1"]
[WhiteTeam "Emsdetten Turm III"]
[BlackTeam "Emsdetten Rochade III"]
[WhiteTeamCountry "GER"]
[BlackTeamCountry "GER"]

1. e4 e5 2. Nf3 d6 3. Bc4 Be7 4. c3 Nf6 5. d3 0-0 6. 0-0 Bg4 7. Be3 Nc6 8. Nbd2 Na5 9. Bb3 Nxb3 10. axb3 c6 11. Rxa7 Rxa7 12. Bxa7 b6 13. Qa1 Qc7 14. Qa6 Nd7 15. Nc4 Bd8 16. Re1 Bxf3 17. gxf3 d5 18. Ne3 Nc5 19. Qxb6 Qxb6 20. Bxb6 Bxb6 21. exd5 Nxd3 22. Re2 Nf4 23. Rd2 Ra8 24. dxc6 Kf8 25. h4 Rc8 26. Nc4 Bc7 27. b4 1/2-1/2

[Event "Steinfurt Bezirksliga 1011"]
[Site "Germany"]
[Date "2011.03.05"]
[Round "6.6"]
[White "Sowa, Rudolf"]
[Black "Reimann, Tanja"]
[Result "1-0"]
[WhiteElo "1578"]
[BlackElo "1284"]
[PlyCount "77"]
[EventDate "2010.10.02"]
[EventType "team-tourn"]
[EventRounds "9"]
[EventCountry "GER"]
[SourceTitle "EXT 2012"]
[Source "ChessBase"]
[SourceDate "2011.11.24"]
[SourceVersion "1"]
[SourceVersionDate "2011.11.24"]
[SourceQuality "1"]
[WhiteTeam "Emsdetten Rochade III"]
[BlackTeam "Emsdetten Turm III"]
[WhiteTeamCountry "GER"]
[BlackTeamCountry "GER"]

1. e4 e6 2. d4 d5 3. exd5 exd5 4. Nf3 Nf6 5. Be2 Bd6 6. Bg5 Nbd7 7. Nbd2 0-0 8. 0-0 c6 9. h3 Qc7 10. c3 a5 11. a4 b6 12. Re1 Re8 13. Bd3 Bb7 14. Rxe8+ Rxe8 15. Qc2 Bf4 16. Bxf6 Nxf6 17. Re1 Rxe1+ 18. Nxe1 g6 19. Nef3 Kg7 20. Qd1 c5 21. Qe1 c4 22. Bc2 Qd7 23. Ne5 Bxe5 24. Qxe5 Qe6 25. f4 Qxe5 26. fxe5 Ne8 27. Kf2 Bc8 28. Ke3 f6 29. exf6+ Nxf6 30. Kf4 h6 31. Ke5 g5 32. Bd1 Kf7 33. Bf3 Bd7 34. Bxd5+ Nxd5 35. Kxd5 Bxa4 36. Nxc4 b5 37. Nxa5 Bc2 38. Ke5 Kg6 39. d5 1-0

[Event "Steinfurt Bezirksliga 0809"]
[Site "Germany"]
[Date "2009.03.14"]
[Round "7.6"]
[White "Schreck, Uwe"]
[Black "Sowa, Rudolf"]
[Result "1-0"]
[WhiteElo "1496"]
[BlackElo "1616"]
[PlyCount "93"]
[EventDate "2008.09.27"]
[EventType "team-tourn"]
[EventRounds "9"]
[EventCountry "GER"]
[SourceTitle "EXT 2010"]
[Source "ChessBase"]
[SourceDate "2010.11.25"]
[SourceVersion "1"]
[SourceVersionDate "2010.11.25"]
[SourceQuality "1"]
[WhiteTeam "Ibbenbueren II"]
[BlackTeam "Emsdetten Rochade III"]
[WhiteTeamCountry "GER"]
[BlackTeamCountry "GER"]

1. c4 Nf6 2. Nc3 d5 3. cxd5 Nxd5 4. Nxd5 Qxd5 5. d3 g6 6. Nf3 Bg7 7. g3 Nc6 8. Bg2 0-0 9. 0-0 e5 10. a3 a6 11. Rb1 Nd4 12. Nxd4 Qxd4 13. Qc2 c6 14. Be3 Qd6 15. Bc5 Qd8 16. Bxf8 Qxf8 17. b4 Qe7 18. Qc5 Qd8 19. a4 Be6 20. b5 axb5 21. axb5 Ra5 22. Rfc1 h6 23. Bxc6 b6 24. Qe3 Qb8 25. Ra1 Qa7 26. Rxa5 Qxa5 27. Rb1 Kh7 28. Qc1 Bf8 29. Qb2 Bd6 30. Ra1 Qb4 31. Qxb4 Bxb4 32. Ra4 Bc3 33. e3 Kg7 34. d4 exd4 35. exd4 Kf6 36. d5 Bf5 37. d6 Be5 38. d7 Bc7 39. Ra7 Bd8 40. Kg2 Ke7 41. h3 Be6 42. g4 Kf6 43. f3 g5 44. Kf2 Ke7 45. Ra3 Bc7 46. Re3 Bd6 47. Re1 1-0

[Event "Steinfurt Bezirksliga 0708"]
[Site "Germany"]
[Date "2007.12.01"]
[Round "4.3"]
[White "Bartsch, Rainer"]
[Black "Sowa, Rudolf"]
[Result "1/2-1/2"]
[WhiteElo "1964"]
[BlackElo "1587"]
[PlyCount "80"]
[EventDate "2007.09.22"]
[EventType "team-tourn"]
[EventRounds "9"]
[EventCountry "GER"]
[SourceTitle "EXT 2009"]
[Source "ChessBase"]
[SourceDate "2008.11.26"]
[SourceVersion "1"]
[SourceVersionDate "2008.11.26"]
[SourceQuality "1"]
[WhiteTeam "Saerbeck II"]
[BlackTeam "Emsdetten Rochade III"]
[WhiteTeamCountry "GER"]
[BlackTeamCountry "GER"]

1. d4 Nf6 2. Nf3 d5 3. e3 Bg4 4. h3 Bxf3 5. Qxf3 e6 6. c4 Nbd7 7. a3 c6 8. Nc3 Be7 9. cxd5 cxd5 10. Bd3 0-0 11. 0-0 a6 12. Bd2 b5 13. Rfc1 Rc8 14. Na2 Qb6 15. Qe2 Bd6 16. Qe1 g6 17. Ba5 Qb7 18. Bb4 Qb6 19. Ba5 Qb7 20. Bb4 Bxb4 21. Qxb4 Rxc1+ 22. Rxc1 Rc8 23. Rxc8+ Qxc8 24. Nc3 Nb6 25. b3 Qc6 26. Qc5 Qb7 27. Kh1 Nfd7 28. Qe7 Qc6 29. Ne2 Kg7 30. h4 Qc8 31. h5 Qf8 32. Qxf8+ Nxf8 33. hxg6 hxg6 34. Kg1 Nfd7 35. Nc3 Nb8 36. f3 Kf6 37. Kf2 Nc6 38. Na2 Nb8 39. Ke2 g5 40. e4 e5 1/2-1/2

[Event "Steinfurt Bezirksliga 0708"]
[Site "Germany"]
[Date "2007.11.10"]
[Round "3.5"]
[White "Sowa, Rudolf"]
[Black "Schreck, Uwe"]
[Result "1-0"]
[WhiteElo "1587"]
[BlackElo "1458"]
[PlyCount "61"]
[EventDate "2007.09.22"]
[EventType "team-tourn"]
[EventRounds "9"]
[EventCountry "GER"]
[SourceTitle "EXT 2009"]
[Source "ChessBase"]
[SourceDate "2008.11.26"]
[SourceVersion "1"]
[SourceVersionDate "2008.11.26"]
[SourceQuality "1"]
[WhiteTeam "Emsdetten Rochade III"]
[BlackTeam "Ibbenbueren II"]
[WhiteTeamCountry "GER"]
[BlackTeamCountry "GER"]

1. e4 e5 2. Nf3 Nc6 3. c3 d6 4. Be2 Nf6 5. d4 exd4 6. cxd4 Be7 7. 0-0 Nxe4 8. d5 Ne5 9. Qa4+ Bd7 10. Qxe4 Nxf3+ 11. Bxf3 0-0 12. Nc3 Bf6 13. Be3 Re8 14. Qd3 Qc8 15. Bd4 Qd8 16. Rae1 Bxd4 17. Qxd4 Re7 18. Re3 Rxe3 19. Qxe3 Qf6 20. Re1 g6 21. Qd2 a6 22. a3 b5 23. Ne4 Qg7 24. g3 Re8 25. Nc3 Rb8 26. Re7 Rd8 27. Qe1 Qf6 28. Rxd7 Rxd7 29. Qe8+ Kg7 30. Qxd7 Qxf3 31. Qxc7 1-0

[Event "Steinfurt Bezirksliga 0708"]
[Site "Germany"]
[Date "2007.10.27"]
[Round "2.5"]
[White "Boeckmann, Dirk"]
[Black "Sowa, Rudolf"]
[Result "1/2-1/2"]
[WhiteElo "1551"]
[BlackElo "1587"]
[PlyCount "114"]
[EventDate "2007.09.22"]
[EventType "team-tourn"]
[EventRounds "9"]
[EventCountry "GER"]
[SourceTitle "EXT 2009"]
[Source "ChessBase"]
[SourceDate "2008.11.26"]
[SourceVersion "1"]
[SourceVersionDate "2008.11.26"]
[SourceQuality "1"]
[WhiteTeam "Reckenfeld"]
[BlackTeam "Emsdetten Rochade III"]
[WhiteTeamCountry "GER"]
[BlackTeamCountry "GER"]

1. d4 d5 2. Nf3 Nf6 3. e3 g6 4. Bd3 Bg7 5. 0-0 Bg4 6. h3 Bxf3 7. Qxf3 0-0 8. c3 Nbd7 9. Qe2 e5 10. dxe5 Nxe5 11. Nd2 Nxd3 12. Qxd3 Qe7 13. Nf3 c6 14. Re1 Ne4 15. Bd2 Rfe8 16. Rab1 Rad8 17. Qc2 Rd7 18. Re2 Qd8 19. Rd1 Qc7 20. Bc1 Rde7 21. c4 dxc4 22. Qxc4 Rd7 23. Ree1 Qd8 24. Qc2 c5 25. Rxd7 Qxd7 26. Rd1 Qe6 27. b3 f5 28. Bb2 Bxb2 29. Qxb2 b5 30. Qc2 c4 31. Nd4 cxb3 32. axb3 Rc8 33. Qd3 Qd7 34. Qxb5 Qxb5 35. Nxb5 a6 36. Nd4 Rb8 37. f3 Nc5 38. Rc1 Nd3 39. Rc6 Nb4 40. Rc1 Nd3 41. Ra1 Rb6 42. Kf1 Nc5 43. Kf2 Kf7 44. Kg3 Kf6 45. h4 h6 46. Rc1 Ne6 47. Rc6 Rxc6 48. Nxc6 Nc5 49. Na5 Ke6 50. Kf2 Kd5 51. Ke2 g5 52. hxg5 hxg5 53. b4 Nd7 54. Kd3 Ne5+ 55. Kc3 g4 56. fxg4 Nxg4 57. Kd3 Ne5+ 1/2-1/2

[Event "Steinfurt Bezirksklasse 0506"]
[Site "Germany"]
[Date "2006.01.28"]
[Round "5.1"]
[White "Scheffer, Arne"]
[Black "Sowa, Rudolf"]
[Result "1/2-1/2"]
[WhiteElo "1348"]
[BlackElo "1657"]
[PlyCount "65"]
[EventDate "2005.09.10"]
[EventType "team-tourn"]
[EventRounds "7"]
[EventCountry "GER"]
[SourceTitle "EXT 2006"]
[Source "ChessBase"]
[SourceDate "2005.11.24"]
[SourceVersion "1"]
[SourceVersionDate "2005.11.24"]
[SourceQuality "1"]
[WhiteTeam "Rheine SG II"]
[BlackTeam "Emsdetten Rochade IV"]
[WhiteTeamCountry "GER"]
[BlackTeamCountry "GER"]

1. d4 Nf6 2. f4 d5 3. Nf3 e6 4. e3 c5 5. c3 Nc6 6. Bd3 Be7 7. Nbd2 c4 8. Bc2 Bd7 9. 0-0 0-0 10. Ne5 b5 11. a3 a5 12. e4 b4 13. Nxd7 Qxd7 14. e5 b3 15. Bb1 Ne8 16. f5 Qd8 17. Rf3 exf5 18. Bxf5 g6 19. Rh3 Ng7 20. Bg4 f5 21. Be2 Ne6 22. Nf1 Ra7 23. Bh6 Rf7 24. Bd2 Bg5 25. Ne3 Nf4 26. Rf3 Nxe2+ 27. Qxe2 Bxe3+ 28. Qxe3 Qe7 29. Raf1 Nd8 30. Qe2 Ne6 31. g3 Rf8 32. h4 Qd8 33. Bh6 1/2-1/2

[Event "Steinfurt Bezirksklasse 0506"]
[Site "Germany"]
[Date "2005.12.03"]
[Round "4.1"]
[White "Sowa, Rudolf"]
[Black "Winkelsett, Carsten"]
[Result "1/2-1/2"]
[WhiteElo "1657"]
[BlackElo "1512"]
[PlyCount "50"]
[EventDate "2005.09.10"]
[EventType "team-tourn"]
[EventRounds "7"]
[EventCountry "GER"]
[SourceTitle "EXT 2006"]
[Source "ChessBase"]
[SourceDate "2005.11.24"]
[SourceVersion "1"]
[SourceVersionDate "2005.11.24"]
[SourceQuality "1"]
[WhiteTeam "Emsdetten Rochade IV"]
[BlackTeam "Reckenfeld II"]
[WhiteTeamCountry "GER"]
[BlackTeamCountry "GER"]

1. e4 e5 2. Nf3 d6 3. Be2 Nf6 4. c3 Be7 5. 0-0 0-0 6. d3 a5 7. Bg5 h6 8. Bxf6 Bxf6 9. Nbd2 Be6 10. d4 exd4 11. Nxd4 Nd7 12. Nxe6 fxe6 13. Nf3 Qe7 14. Bd3 Rab8 15. Qe2 Ne5 16. Nxe5 Bxe5 17. g3 Qd7 18. f4 Bf6 19. Rad1 e5 20. Bc4+ Kh8 21. f5 Be7 22. Be6 Qe8 23. Rd3 Bf6 24. Rfd1 Be7 25. Kg2 Bd8 1/2-1/2

[Event "Steinfurt Bezirksliga 0405"]
[Site "Germany"]
[Date "2005.02.05"]
[Round "6.8"]
[White "Kroeger, Ralf"]
[Black "Sowa, Rudolf"]
[Result "1/2-1/2"]
[WhiteElo "1354"]
[BlackElo "1657"]
[PlyCount "78"]
[EventDate "2004.09.25"]
[EventType "team-tourn"]
[EventRounds "11"]
[EventCountry "GER"]
[SourceTitle "EXT 2006"]
[Source "ChessBase"]
[SourceDate "2005.11.24"]
[SourceVersion "1"]
[SourceVersionDate "2005.11.24"]
[SourceQuality "1"]
[WhiteTeam "Steinfurt II"]
[BlackTeam "Emsdetten Rochade III"]
[WhiteTeamCountry "GER"]
[BlackTeamCountry "GER"]

1. d4 Nf6 2. c4 d6 3. Nc3 Bf5 4. Bg5 Nbd7 5. e3 h6 6. Bh4 e6 7. Bd3 Bxd3 8. Qxd3 Be7 9. Nf3 c6 10. 0-0 0-0 11. Bxf6 Bxf6 12. Ne4 Be7 13. Qb3 Qc7 14. Rac1 e5 15. d5 c5 16. Ng3 f5 17. Rfe1 e4 18. Nd2 Ne5 19. Rf1 Rae8 20. Nh5 Nd3 21. Rb1 g6 22. Nf4 Nxf4 23. exf4 Bf6 24. Qg3 Kh7 25. Nb3 b6 26. Qe3 Qg7 27. Qd2 Re7 28. Rfe1 Rfe8 29. Re2 a5 30. a4 Qf7 31. Na1 Bd4 32. Nc2 Bf6 33. Na3 Kg7 34. Nb5 Rd8 35. Rbe1 Kf8 36. Qe3 Qg7 37. Qb3 Rb7 38. Kf1 Bd4 39. Qc2 Bf6 1/2-1/2

[Event "Steinfurt Bezirksliga 0405"]
[Site "Germany"]
[Date "2004.11.20"]
[Round "3.8"]
[White "Lachnet, Adolf"]
[Black "Sowa, Rudolf"]
[Result "0-1"]
[WhiteElo "1578"]
[BlackElo "1657"]
[PlyCount "154"]
[EventDate "2004.09.25"]
[EventType "team-tourn"]
[EventRounds "11"]
[EventCountry "GER"]
[SourceTitle "EXT 2006"]
[Source "ChessBase"]
[SourceDate "2005.11.24"]
[SourceVersion "1"]
[SourceVersionDate "2005.11.24"]
[SourceQuality "1"]
[WhiteTeam "Nordwalde II"]
[BlackTeam "Emsdetten Rochade III"]
[WhiteTeamCountry "GER"]
[BlackTeamCountry "GER"]

1. e4 e5 2. Nf3 Nc6 3. Bc4 Nf6 4. Ng5 d5 5. exd5 Nxd5 6. Nxf7 Kxf7 7. Qf3+ Qf6 8. Bxd5+ Be6 9. Qxf6+ Kxf6 10. Bxc6 bxc6 11. b3 Bd6 12. Bb2 Rhe8 13. 0-0 Kf5 14. d3 g5 15. Nd2 c5 16. Rae1 Bd5 17. Ne4 Re7 18. h3 h5 19. g4+ hxg4 20. hxg4+ Kg6 21. f3 Rh8 22. Kg2 Reh7 23. Rh1 Rxh1 24. Rxh1 Rxh1 25. Kxh1 Bc6 26. Kg2 Bd5 27. Nd2 a6 28. c4 Bc6 29. Kf2 Bb7 30. Bc3 Bc6 31. a3 Bb7 32. b4 cxb4 33. axb4 c5 34. bxc5 Bxc5+ 35. Ke2 Bd6 36. Nb3 Kf6 37. Na5 Ba8 38. Bd2 Bb8 39. Be3 Bc7 40. Nb3 a5 41. Nc5 Bc6 42. Ne4+ Bxe4 43. fxe4 Bd8 44. Kd2 Ke6 45. Kc2 Kd6 46. Kb3 Kc6 47. Ka4 Kb7 48. Kb5 Kc8 49. Bd2 Kd7 50. Kc5 Ke6 51. Kc6 a4 52. Bb4 Be7 53. Kb5 a3 54. Bc3 a2 55. Ka4 Bc5 56. Kb3 Bd4 57. Bb2 a1Q 58. Bxa1 Bxa1 59. Kb4 Kd6 60. Kb5 Bd4 61. Kb4 Kc6 62. Kb3 Kc5 63. Ka4 Bc3 64. Kb3 Ba5 65. Ka4 Bb6 66. Kb3 Bd8 67. Kc3 Be7 68. d4+ exd4+ 69. Kd3 Bf6 70. Kd2 Kxc4 71. e5 Bxe5 72. Kc2 Bf4 73. Kd1 Kd3 74. Ke1 Ke3 75. Kd1 d3 76. Ke1 d2+ 77. Kd1 Kf2 0-1

[Event "Steinfurt Bezirksklasse 0405"]
[Site "Germany"]
[Date "2004.09.18"]
[Round "1.1"]
[White "Sperling, Rainer"]
[Black "Sowa, Rudolf"]
[Result "1-0"]
[WhiteElo "1565"]
[BlackElo "1671"]
[PlyCount "79"]
[EventDate "2004.09.18"]
[EventType "team-tourn"]
[EventRounds "11"]
[EventCountry "GER"]
[SourceTitle "EXT 2006"]
[Source "ChessBase"]
[SourceDate "2005.11.24"]
[SourceVersion "1"]
[SourceVersionDate "2005.11.24"]
[SourceQuality "1"]
[WhiteTeam "Reckenfeld II"]
[BlackTeam "Emsdetten Rochade IV"]
[WhiteTeamCountry "GER"]
[BlackTeamCountry "GER"]

1. e4 e5 2. Nf3 d6 3. h3 Be7 4. Nc3 Nf6 5. Bc4 0-0 6. d3 Nc6 7. Bg5 h6 8. Bh4 a6 9. a3 Bd7 10. 0-0 Qc8 11. Bxf6 Bxf6 12. Nd5 Qd8 13. Nh2 Be6 14. f4 Bxd5 15. Bxd5 Rb8 16. fxe5 Nxe5 17. Ng4 Nxg4 18. Qxg4 c6 19. Bb3 Bxb2 20. Rab1 Bd4+ 21. Kh1 Be5 22. Rf3 d5 23. exd5 cxd5 24. Rbf1 f5 25. Rxf5 Rxf5 26. Qxf5 Bc7 27. Qxd5+ Qxd5 28. Bxd5+ Kh8 29. Rf7 Bd6 30. Rxb7 Rc8 31. c4 Bxa3 32. Ra7 Bc5 33. Rxa6 Bd4 34. Ra8 Rxa8 35. Bxa8 g5 36. g4 Kg7 37. Kg2 Kf6 38. Kg3 Ke5 39. h4 gxh4+ 40. Kxh4 1-0

[Event "Steinfurt Bezirksklasse 0304"]
[Site "Germany"]
[Date "2004.05.29"]
[Round "11.2"]
[White "Sowa, Rudolf"]
[Black "Kumpmann, Ulrich"]
[Result "1-0"]
[WhiteElo "1657"]
[BlackElo "1531"]
[PlyCount "144"]
[EventDate "2003.09.27"]
[EventType "team-tourn"]
[EventRounds "11"]
[EventCountry "GER"]
[SourceTitle "EXT 2005"]
[Source "ChessBase"]
[SourceDate "2004.11.15"]
[SourceVersion "1"]
[SourceVersionDate "2004.11.15"]
[SourceQuality "1"]
[WhiteTeam "Emsdetten Rochade IV"]
[BlackTeam "Nordwalde III"]
[WhiteTeamCountry "GER"]
[BlackTeamCountry "GER"]

1. e4 e5 2. Nf3 Nc6 3. Be2 Nf6 4. d3 Bc5 5. Nc3 d6 6. 0-0 0-0 7. Bg5 h6 8. Bd2 Be6 9. a3 Re8 10. Na4 Nd7 11. Nxc5 Nxc5 12. Be3 Nd7 13. Re1 d5 14. exd5 Bxd5 15. c3 Nf6 16. Qc2 Ng4 17. Rad1 Qf6 18. Qa4 e4 19. Nd4 Nxe3 20. fxe3 Qg5 21. Bf1 Nxd4 22. Qxd4 Red8 23. Qc5 Bb3 24. Qxg5 hxg5 25. Rd2 exd3 26. Rxd3 Rxd3 27. Bxd3 Rd8 28. Bf1 Rd2 29. Re2 Rd1 30. Kf2 Bc4 31. Re1 Rd2+ 32. Kf3 Bxf1 33. Rxf1 Rxb2 34. Rd1 Rb3 35. Rd8+ Kh7 36. Rd7 Rxc3 37. Rxf7 Kg6 38. Rd7 a5 39. a4 b6 40. h3 Kh6 41. Rd4 c6 42. g3 Kh5 43. Rd7 Kh6 44. Rb7 Rb3 45. Rc7 Rc3 46. Ke2 Rc4 47. Kd3 Rxa4 48. Rxc6+ Kh5 49. Rxb6 Ra3+ 50. Ke4 g4 51. Rb5+ g5 52. h4 Ra4+ 53. Kd3 Ra3+ 54. Kd2 Ra2+ 55. Kc1 Ra1+ 56. Kb2 Ra4 57. Rxg5+ Kh6 58. Kc3 Ra3+ 59. Kd4 Ra4+ 60. Kd3 Ra3+ 61. Kd2 Ra2+ 62. Kc3 Ra3+ 63. Kb2 Ra4 64. Kb3 Rb4+ 65. Ka3 Re4 66. Ka2 a4 67. Kb2 a3+ 68. Ka2 Ra4 69. Rb5 Rc4 70. Kxa3 Rc3+ 71. Rb3 Rxb3+ 72. Kxb3 Kg6 1-0

[Event "Heusweiler op"]
[Site "Heusweiler"]
[Date "2001.04.10"]
[Round "5"]
[White "Sowa, Rudolf"]
[Black "Hahner, Anton"]
[Result "0-1"]
[WhiteElo "1668"]
[BlackElo "1736"]
[PlyCount "128"]
[EventDate "2001.04.03"]
[EventType "swiss"]
[EventRounds "9"]
[EventCountry "GER"]
[SourceTitle "EXT 2008"]
[Source "ChessBase"]
[SourceDate "2007.11.25"]
[SourceVersion "1"]
[SourceVersionDate "2007.11.25"]
[SourceQuality "1"]

1. e4 c5 2. Nf3 d6 3. Be2 Nc6 4. Nc3 g6 5. d3 Bg7 6. Bd2 Nf6 7. 0-0 0-0 8. Qc1 Bg4 9. Re1 a6 10. Nd1 Bxf3 11. Bxf3 Nd4 12. Be2 Nxe2+ 13. Rxe2 Nd7 14. Ne3 b5 15. c3 e6 16. g3 Ne5 17. Kg2 d5 18. f4 Nc6 19. Qd1 dxe4 20. dxe4 Qd3 21. Nf1 Rfd8 22. Re3 Qd7 23. Qf3 Na5 24. b3 c4 25. b4 Nc6 26. Rae1 e5 27. R1e2 Re8 28. Be1 Red8 29. Rd2 Qc7 30. Rxd8+ Rxd8 31. f5 Bh6 32. Re2 Rd3 33. Ne3 Qa7 34. Kf2 f6 35. h3 Kf7 36. h4 Bxe3+ 37. Rxe3 Qxe3+ 38. Qxe3 Rxe3 39. Kxe3 h5 40. Kf3 Ne7 41. fxg6+ Kxg6 42. Bd2 f5 43. Be3 Nc6 44. Bc5 Kf6 45. Be3 a5 46. a3 axb4 47. axb4 Ke6 48. Bg5 Nb8 49. Be3 Nd7 50. Bg5 Nb6 51. Bd2 Nc8 52. Be3 Nd6 53. exf5+ Kxf5 54. Bf2 Ne4 55. Be1 Nf6 56. Bd2 Nd5 57. Be1 e4+ 58. Kf2 Kg4 59. Kg2 e3 60. Kg1 Kf3 61. Kf1 Nf6 62. g4 Nxg4 63. Kg1 Ke2 64. Bg3 Kd2 0-1